000 00460nam a2200169Ia 4500
008 230718s9999 xx 000 0 und d
020 _a81-8274-136-x
041 _aeng
082 _a621.382
_bDIW
100 _aDiwan P.
245 _aNanoelectronics
260 _c2006
_bPentagon Press
300 _a198
_dRef 836 E (24160)
365 _cRs.
_b950.00
700 _aDiwan P.(Editor) & Bharadwaj A.(Editor)
_9189018
906 _d1050601924/27.2.06
_cETC
_b190
999 _c312953
_d312953